醒世姻緣

資料類型: Book 圖書   書目號:32086

Leader xxxxxxxxxx
001 __ PCLIS00032086
005 __ 20030106161008.08
010 0_ |a957-|b精裝|dNT$180
020 __ |acw|b82005151
100 __ |a20030106d2003        0chib0109    e
101 0_ |achi
102 __ |acw
105 __ |aa   z   000yy
200 1_ |a醒世姻緣|e|f清.西周生 撰|g
205 __ |a初版
210 __ |a臺北市|c台灣文源|d民74年
215 0_ |a1070面|c|d19公分
225 1_ |a古典文學|v
681 __ |a857.44|b
700 __ |a西|b周生 |4702 _1 |a|b|4
801 __ |acw|b本館|c20030106
  
  
  
  
  
  
  
  
  
  
  
  
  
  
  
  
  
  
詳細館藏(共 1 筆)
索 書 號登 錄 號冊次號館別 / 館藏地流通類型狀態加入預約清單電子資源
857.44 / 7466 2012728  圖書館 / 一樓普通區 可外借30天 在館   

| 條列資料




目錄查詢 分類查詢 個人資料 圖書薦購 新書查詢 閉館日 排行榜 更多電子資源 Hami書城 線上資料庫 登出

From : 216.73.217.52

  本日流通累計至 15:25:12 借閱 : 0 次 續借 : 0 次 歸還 : 0 次 預約 : 0 次 電子資源 : 0 次


內湖高中圖書館  PCLIS 版本  26.5.0.12